| 000 | 00820nam a2200229Ii 4500 | ||
|---|---|---|---|
| 003 | JO-AjNU | ||
| 008 | 230606s9999||||xx |||||||||||||| ||und|| | ||
| 020 | _a0-140-44908-6/9780140449082 | ||
| 040 |
_aJO-AjNU _beng _erda _cJO-AjNU |
||
| 041 | _aeng | ||
| 050 | 1 | 4 | _aD58.H4713 2003 |
| 100 | 3 |
_aHerodotus, _eauthor _92100 |
|
| 245 | 0 | 4 | _aThe histories / Herodotus ; translated by Aubrey De Sâelincourt ; revised with introduction and notes by John Marincola. Penguin classics |
| 250 | _afurther reviserd ed | ||
| 264 | 3 | 1 | _alondon-New York: Penguin Books, 2003 |
| 300 | _a716p | ||
| 336 |
_atext _btxt _2rdacontent |
||
| 337 |
_aunmediated _bn _2rdamedia |
||
| 338 |
_avolume _bnc _2rdacarrier |
||
| 490 | 0 | _aPenguin classics | |
| 650 | 4 |
_aDescriptors-- History-- Christianity--Chistian--Antiquities--jordan _92101 |
|
| 999 |
_aE1103 _c1103 _d1103 |
||